[Event "Chess.com Classic Play In"]
[Site "Chess.com INT"]
[Date "2024.05.08"]
[Round "6"]
[White "Pichot, Alan"]
[Black "Alonso Rosell, Alvar"]
[Result "1-0"]
[WhiteElo "2635"]
[BlackElo "2556"]
[PlyCount "87"]
[EventDate "2024.05.08"]
[EventType "swiss (rapid)"]
[EventRounds "9"]
[EventCountry "USA"]
[SourceTitle "CB20_2024"]
[SourceDate "2024.05.16"]
[SourceVersion "1"]
[SourceVersionDate "2024.05.16"]
[SourceQuality "1"]

1. e4 e5 2. Nf3 Nc6 3. Bc4 Nf6 4. d3 Bc5 5. Bg5 h6 6. Bh4 Be7 7. Bg3 d6 8. a4 0-0 9. h3 g6 10. 0-0 Kg7 11. Nc3 Be6 12. Bxe6 fxe6 13. a5 Nh5 14. Bh2 Qd7 15. a6 b6 16. d4 Rxf3 17. Qxf3 Nxd4 18. Qd3 Qc6 19. g4 Nf6 20. f4 Qc5 21. Kh1 b5 22. b4 Qxb4 23. fxe5 dxe5 24. Bxe5 Rd8 25. Nd5 exd5 26. Qxd4 Qxd4 27. Bxd4 c5 28. Be5 dxe4 29. Rad1 Rxd1 30. Rxd1 e3 31. Kg2 e2 32. Re1 Kf7 33. Bxf6 Kxf6 34. Rxe2 c4 35. Re4 Bd6 36. Kf3 Be5 37. Re1 b4 38. Re4 b3 39. Rxc4 b2 40. Rb4 Bc3 41. Rb3 Ke5 42. Ke3 Kd5 43. Kd3 Be5 44. c3 1-0

[Event "Chess.com Classic Play In"]
[Site "Chess.com INT"]
[Date "2024.05.08"]
[Round "2"]
[White "Pichot, Alan"]
[Black "Vaibhav, Suri"]
[Result "1-0"]
[WhiteElo "2635"]
[BlackElo "2597"]
[PlyCount "97"]
[EventDate "2024.05.08"]
[EventType "swiss (rapid)"]
[EventRounds "9"]
[EventCountry "USA"]
[SourceTitle "CB20_2024"]
[SourceDate "2024.05.16"]
[SourceVersion "1"]
[SourceVersionDate "2024.05.16"]
[SourceQuality "1"]

1. e4 e5 2. Nf3 Nc6 3. Bc4 Bc5 4. d3 Nf6 5. 0-0 d6 6. a4 a5 7. c3 Ba7 8. h3 h6 9. Be3 0-0 10. Nbd2 Re8 11. Bxa7 Rxa7 12. Re1 Be6 13. Bb5 Bd7 14. Nc4 Ra8 15. Ne3 Ne7 16. Bc4 Ng6 17. Qb3 Rf8 18. Rad1 c6 19. Qc2 Qc7 20. d4 Rad8 21. Ba2 Bc8 22. Rd2 Rfe8 23. d5 c5 24. b4 Nf4 25. bxa5 N6h5 26. Bc4 Qxa5 27. Bb5 Rf8 28. Nc4 Qc7 29. Nfxe5 Bxh3 30. gxh3 dxe5 31. d6 Qc8 32. d7 Qc7 33. Kh2 Nf6 34. Qd1 Kh7 35. Rd6 N6h5 36. Nxe5 Ng6 37. Nc4 Nhf4 38. e5 Ne6 39. Qd3 Kh8 40. Rxe6 fxe6 41. Qxg6 Rxf2+ 42. Kh1 Rdf8 43. Rg1 R2f7 44. Qxe6 Qd8 45. Nd6 Rf3 46. Be2 Re3 47. Nf7+ Rxf7 48. Qxf7 Rxh3+ 49. Kg2 1-0

[Event "Chess.com Classic Play In"]
[Site "Chess.com INT"]
[Date "2024.05.08"]
[Round "3"]
[White "Rasulov, Vugar Ural Oglu"]
[Black "Pichot, Alan"]
[Result "1-0"]
[WhiteElo "2560"]
[BlackElo "2635"]
[PlyCount "105"]
[EventDate "2024.05.08"]
[EventType "swiss (rapid)"]
[EventRounds "9"]
[EventCountry "USA"]
[SourceTitle "CB20_2024"]
[SourceDate "2024.05.16"]
[SourceVersion "1"]
[SourceVersionDate "2024.05.16"]
[SourceQuality "1"]

1. e4 e5 2. Nf3 Nc6 3. Bb5 a6 4. Ba4 Nf6 5. d3 d6 6. 0-0 b5 7. Bb3 Na5 8. Re1 Be7 9. c3 Nxb3 10. axb3 0-0 11. b4 Bb7 12. Nbd2 Qd7 13. Nf1 h6 14. Ng3 Rfe8 15. h3 Bf8 16. Be3 d5 17. Bc5 dxe4 18. dxe4 Qxd1 19. Raxd1 a5 20. Rc1 Bxc5 21. bxc5 a4 22. Rcd1 Bc6 23. Nd2 Red8 24. f3 g6 25. Ngf1 Nd7 26. b4 axb3 27. Nxb3 Ra3 28. Rb1 Nf8 29. Ne3 Ne6 30. Nc2 Raa8 31. Nb4 Be8 32. Ra1 c6 33. h4 Kf8 34. Kf2 Ke7 35. g3 Ra4 36. Ke3 Rda8 37. Rab1 g5 38. hxg5 hxg5 39. Rh1 Ra3 40. Kd2 Rd8+ 41. Kc2 Raa8 42. g4 Bd7 43. Ra1 Ra4 44. Nd3 Rda8 45. Rxa4 bxa4 46. Nd2 a3 47. Ra1 Ra4 48. Kb3 Ra5 49. Rxa3 Nxc5+ 50. Nxc5 Rxc5 51. c4 Be6 52. Kb4 Kd6 53. Rd3+ 1-0

[Event "Sardinia World op-A"]
[Site "Orosei"]
[Date "2024.04.30"]
[Round "5"]
[White "Pichot, Alan"]
[Black "Lodici, Lorenzo"]
[Result "1-0"]
[WhiteElo "2644"]
[BlackElo "2565"]
[PlyCount "113"]
[EventDate "2024.04.27"]
[EventType "swiss"]
[EventRounds "9"]
[EventCountry "ITA"]
[SourceTitle "CB19_2024"]
[SourceDate "2024.05.08"]
[SourceVersion "1"]
[SourceVersionDate "2024.05.08"]
[SourceQuality "1"]

1. e4 e5 2. Nf3 Nc6 3. Bc4 Nf6 4. d3 h6 5. 0-0 d6 6. a4 g6 7. a5 a6 8. d4 exd4 9. Nxd4 Nxd4 10. Qxd4 Bg7 11. Nc3 0-0 12. Qd3 Re8 13. Bd2 Be6 14. Bxe6 Rxe6 15. f4 Re7 16. f5 Kh7 17. Rae1 Qd7 18. Qh3 Rae8 19. Bg5 gxf5 20. Rxf5 Re5 21. Ref1 Rxf5 22. exf5 Ne4 23. Nxe4 Rxe4 24. Bd2 d5 25. Qh5 d4 26. Qf3 Qd5 27. f6 Bf8 28. Qd3 Kh8 29. c4 Qe5 30. b4 c6 31. c5 Qd5 32. Qh3 Qe6 33. Qxe6 fxe6 34. Rf4 Rxf4 35. Bxf4 h5 36. Kf2 Kg8 37. Be5 Kf7 38. Bxd4 Kg6 39. Kf3 Kf5 40. h3 e5 41. Bc3 Bh6 42. f7 Ke6 43. g4 hxg4+ 44. Kxg4 Kxf7 45. Kf5 e4 46. Kxe4 Kg6 47. Be1 Bg7 48. h4 Ba1 49. h5+ Kxh5 50. Kf5 Bb2 51. Ke6 Kg4 52. Kd7 Kf3 53. Kc8 Ke2 54. Kxb7 Kxe1 55. Kxc6 Bc3 56. b5 axb5 57. Kxb5 1-0

[Event "Titled Tuesday intern op 23rd Apr Late"]
[Site "Chess.com INT"]
[Date "2024.04.23"]
[Round "9"]
[White "Ebrahimi Herab, Hamidreza"]
[Black "Pichot, Alan"]
[Result "0-1"]
[WhiteElo "2333"]
[BlackElo "2644"]
[PlyCount "94"]
[EventDate "2024.04.23"]
[EventType "swiss (blitz)"]
[EventRounds "11"]
[EventCountry "USA"]
[SourceTitle "CB18_2024"]
[SourceDate "2024.05.01"]
[SourceVersion "1"]
[SourceVersionDate "2024.05.01"]
[SourceQuality "2"]

1. d4 Nf6 2. c4 e6 3. Nc3 d5 4. cxd5 exd5 5. Bg5 Bb4 6. a3 h6 7. Bxf6 Bxc3+ 8. bxc3 Qxf6 9. e3 0-0 10. Bd3 c5 11. Ne2 b6 12. 0-0 Ba6 13. Bxa6 Nxa6 14. Qd3 c4 15. Qd2 Nc7 16. f3 Rfe8 17. Ng3 Qg5 18. Rae1 Nb5 19. a4 Nd6 20. Qc1 f5 21. Qa3 Re6 22. e4 fxe4 23. fxe4 Nxe4 24. Nxe4 dxe4 25. Qb4 Qd5 26. Re3 Rae8 27. Rfe1 Rf6 28. h3 Kh8 29. Qb1 Rfe6 30. Qb5 Qxb5 31. axb5 Kg8 32. Ra1 R8e7 33. Ra4 Rc7 34. Kf2 Kf7 35. Kg3 Ke7 36. Kf4 g5+ 37. Kf5 Kd6 38. Kg4 Kd5 39. Ra1 Rf6 40. Rae1 Re7 41. Kh5 Ree6 42. Ra1 Rf4 43. g3 Rf3 44. Ree1 Rxg3 45. Rh1 e3 46. Rxa7 e2 47. Raa1 Ree3 0-1

[Event "Titled Tuesday intern op 23rd Apr Late"]
[Site "Chess.com INT"]
[Date "2024.04.23"]
[Round "2"]
[White "Jaskolka, Tomasz"]
[Black "Pichot, Alan"]
[Result "0-1"]
[WhiteElo "2241"]
[BlackElo "2644"]
[PlyCount "82"]
[EventDate "2024.04.23"]
[EventType "swiss (blitz)"]
[EventRounds "11"]
[EventCountry "USA"]
[SourceTitle "CB18_2024"]
[SourceDate "2024.05.01"]
[SourceVersion "1"]
[SourceVersionDate "2024.05.01"]
[SourceQuality "2"]

1. e4 c5 2. Nf3 e6 3. d4 cxd4 4. Nxd4 Nc6 5. Nc3 Qc7 6. Ncb5 Qb8 7. Be3 Nf6 8. Bd3 a6 9. Nxc6 dxc6 10. Nd4 c5 11. Nb3 Qc7 12. Qe2 b5 13. c4 bxc4 14. Bxc4 Nxe4 15. 0-0 Bb7 16. Rfd1 Bd6 17. Qg4 0-0 18. Bh6 Bxh2+ 19. Kf1 Be5 20. Re1 Kh8 21. Rxe4 f5 22. Qh4 Bxe4 23. Bg5 Bd5 24. Nd2 Bf6 25. Bxf6 Rxf6 26. Bxd5 exd5 27. Qg5 Re8 28. Nf3 h6 29. Qd2 d4 30. g3 Qc6 31. Ng1 f4 32. f3 fxg3 33. Kg2 Re3 34. Rf1 Qd6 35. Rd1 Rfe6 36. Rf1 Qe5 37. f4 Qd5+ 38. Rf3 Rxf3 39. Nxf3 Re3 40. Qd1 Qxf3+ 41. Qxf3 Rxf3 0-1

[Event "Titled Tuesday intern op 16th Apr Early"]
[Site "Chess.com INT"]
[Date "2024.04.16"]
[Round "2"]
[White "Bartel, Michal"]
[Black "Pichot, Alan"]
[Result "0-1"]
[WhiteElo "2252"]
[BlackElo "2644"]
[PlyCount "90"]
[EventDate "2024.04.16"]
[EventType "swiss (blitz)"]
[EventRounds "11"]
[EventCountry "USA"]
[SourceTitle "CB17_2024"]
[SourceDate "2024.04.24"]
[SourceVersion "1"]
[SourceVersionDate "2024.04.24"]
[SourceQuality "1"]

1. e4 c5 2. Ne2 Nc6 3. g3 d5 4. Bg2 Nf6 5. exd5 Nxd5 6. Nbc3 Nc7 7. 0-0 e5 8. d3 Be7 9. h3 0-0 10. f4 exf4 11. Bxf4 Be6 12. Kh2 Nd5 13. Qd2 Qd7 14. Rae1 Rfe8 15. Nxd5 Bxd5 16. Bxd5 Qxd5 17. Nc3 Qd7 18. Qf2 b6 19. Ne4 f5 20. Nc3 Bf6 21. Qg2 Rad8 22. Bc1 Nd4 23. Rxe8+ Rxe8 24. Rf2 Rd8 25. Be3 b5 26. Bxd4 Bxd4 27. Re2 b4 28. Nd1 Qc7 29. Qf3 g6 30. c3 Bf6 31. Qe3 Qd6 32. Nf2 bxc3 33. bxc3 Bxc3 34. Qe7 Bd4 35. Qxa7 c4 36. Qa4 c3 37. Nd1 f4 38. Nxc3 f3 39. Re8+ Rxe8 40. Qxe8+ Kg7 41. Ne4 Qb4 42. Qd7+ Kh6 43. g4 Be5+ 44. Ng3 Qd2+ 45. Kg1 Qg2# 0-1

[Event "Titled Tuesday intern op 16th Apr Early"]
[Site "Chess.com INT"]
[Date "2024.04.16"]
[Round "5"]
[White "Pichot, Alan"]
[Black "Kvaloy, Aksel Bu"]
[Result "1/2-1/2"]
[WhiteElo "2644"]
[BlackElo "2450"]
[PlyCount "131"]
[EventDate "2024.04.16"]
[EventType "swiss (blitz)"]
[EventRounds "11"]
[EventCountry "USA"]
[SourceTitle "CB17_2024"]
[SourceDate "2024.04.24"]
[SourceVersion "1"]
[SourceVersionDate "2024.04.24"]
[SourceQuality "1"]

1. e4 e5 2. Nf3 Nc6 3. Bc4 Nf6 4. d3 h6 5. 0-0 d6 6. a4 g5 7. a5 a6 8. c3 Bg7 9. Qb3 Qe7 10. Nbd2 Nh5 11. Rd1 0-0 12. Nf1 Kh7 13. Ne3 Rb8 14. Nf5 Qf6 15. d4 Bxf5 16. exf5 Qxf5 17. dxe5 Nxe5 18. Nxe5 dxe5 19. Be3 Qg6 20. Rd7 f5 21. Bf7 Qc6 22. Rad1 Nf6 23. Qe6 Nxd7 24. Qxf5+ Kh8 25. Qxd7 Qxd7 26. Rxd7 Rbd8 27. Rxd8 Rxd8 28. Bb3 Bf8 29. Kf1 Kg7 30. Ke2 Kf6 31. Kf3 Bd6 32. Ke4 h5 33. h3 c6 34. Bc2 c5 35. Bb3 Bc7 36. Bd5 Bxa5 37. Bxc5 b5 38. Bb7 Rb8 39. Bxa6 Ke6 40. b4 Bb6 41. Bxb5 Bxc5 42. Bc4+ Kd6 43. bxc5+ Kxc5 44. Bf7 h4 45. Kxe5 Rf8 46. Kf6 Kd6 47. Kg7 Ke7 48. Bd5 Rxf2 49. Kg6 Rc2 50. c4 Rd2 51. Kxg5 Rd4 52. Kf5 Kd6 53. Kg5 Kc5 54. Bf3 Kd6 55. Be2 Ke5 56. Bg4 Rxc4 57. Kxh4 Kf6 58. Kh5 Rc2 59. Bf3 Rxg2 60. Bxg2 Kg7 61. Kg5 Kh8 62. h4 Kg8 63. h5 Kh8 64. h6 Kg8 65. h7+ Kh8 66. Kh6 1/2-1/2

[Event "Menorca op 3rd"]
[Site "Ciutadella de Menorca"]
[Date "2024.04.07"]
[Round "9"]
[White "Pichot, Alan"]
[Black "Zhu, Jiner"]
[Result "1/2-1/2"]
[WhiteElo "2644"]
[BlackElo "2463"]
[PlyCount "125"]
[EventDate "2024.04.02"]
[EventType "swiss"]
[EventRounds "9"]
[EventCountry "ESP"]
[SourceTitle "CB15_2024"]
[SourceDate "2024.04.10"]
[SourceVersion "1"]
[SourceVersionDate "2024.04.10"]
[SourceQuality "1"]

1. e4 e5 2. Nf3 Nc6 3. Bb5 a6 4. Ba4 Nf6 5. 0-0 b5 6. Bb3 Bb7 7. d3 Be7 8. c4 bxc4 9. Bxc4 0-0 10. Nc3 d6 11. a3 Na5 12. Ba2 c5 13. b4 cxb4 14. axb4 Nc6 15. Nd5 Nxd5 16. Bxd5 Rb8 17. Bd2 Qb6 18. Be3 Nd4 19. Bxd4 exd4 20. Qb3 Bxd5 21. Qxd5 Rfc8 22. Rfc1 Qxb4 23. g3 Qb5 24. Rxc8+ Rxc8 25. Qxb5 axb5 26. Ra7 Bf6 27. Rb7 Rc1+ 28. Kg2 g5 29. Rxb5 g4 30. Nd2 Rc3 31. Nc4 Be5 32. Nxe5 dxe5 33. Rxe5 f6 34. Rh5 Rxd3 35. Rh4 Rd1 36. Rxg4+ Kf7 37. Rf4 Re1 38. e5 Rxe5 39. Rxd4 h5 40. Rd2 Kg6 41. Kh3 Ra5 42. Kh4 Ra4+ 43. f4 Ra5 44. h3 Rb5 45. Rd6 Rf5 46. Rd7 Ra5 47. Rb7 Rc5 48. Rb6 Kg7 49. Ra6 Rb5 50. Ra7+ Kh6 51. g4 hxg4 52. hxg4 Rb1 53. Rd7 Rh1+ 54. Kg3 Rf1 55. f5 Rg1+ 56. Kf3 Rf1+ 57. Ke4 Rg1 58. Kd5 Rxg4 59. Ke6 Ra4 60. Kxf6 Ra6+ 61. Ke5 Kg5 62. Rg7+ Kh6 63. Re7 1/2-1/2

[Event "Menorca op 3rd"]
[Site "Ciutadella de Menorca"]
[Date "2024.04.03"]
[Round "3"]
[White "Nogerbek, Kazybek"]
[Black "Pichot, Alan"]
[Result "1/2-1/2"]
[WhiteElo "2489"]
[BlackElo "2644"]
[PlyCount "93"]
[EventDate "2024.04.02"]
[EventType "swiss"]
[EventRounds "9"]
[EventCountry "ESP"]
[SourceTitle "CB15_2024"]
[SourceDate "2024.04.10"]
[SourceVersion "1"]
[SourceVersionDate "2024.04.10"]
[SourceQuality "1"]

1. d4 Nf6 2. c4 e6 3. Nf3 d5 4. g3 Bd6 5. Bg2 0-0 6. 0-0 Nbd7 7. Nfd2 c5 8. cxd5 exd5 9. Nc3 cxd4 10. Nb5 Nc5 11. Nxd4 Re8 12. b3 Qb6 13. N2f3 Bd7 14. Nc2 Nce4 15. Bb2 Rac8 16. Bd4 Qa6 17. Bxf6 Nxf6 18. Nfd4 h5 19. Ne3 Qa5 20. a3 Be5 21. Qd3 Ne4 22. b4 Qb6 23. Rad1 Rc3 24. Nxd5 Rxd3 25. Nxb6 Rxd1 26. Rxd1 Nc3 27. Nxd7 Nxd1 28. Nxe5 Rxe5 29. Bxb7 Nc3 30. e3 a5 31. Bc6 axb4 32. axb4 Kf8 33. Kf1 Nd5 34. Bxd5 Rxd5 35. Ke2 Ke7 36. h3 Rd7 37. Kd3 Kd6 38. Ke4 g6 39. g4 hxg4 40. hxg4 Rb7 41. b5 Ra7 42. g5 Ra2 43. f4 Ra3 44. Nc6 Rb3 45. Nd8 Ke7 46. Nc6+ Kd6 47. Nd8 1/2-1/2

[Event "Menorca op 3rd"]
[Site "Ciutadella de Menorca"]
[Date "2024.04.02"]
[Round "1"]
[White "Hebbar, Eshaan"]
[Black "Pichot, Alan"]
[Result "0-1"]
[WhiteElo "2201"]
[BlackElo "2644"]
[PlyCount "50"]
[EventDate "2024.04.02"]
[EventType "swiss"]
[EventRounds "9"]
[EventCountry "ESP"]
[SourceTitle "CB15_2024"]
[SourceDate "2024.04.10"]
[SourceVersion "1"]
[SourceVersionDate "2024.04.10"]
[SourceQuality "1"]

1. d4 Nf6 2. c4 e6 3. Nf3 d5 4. Nc3 Nbd7 5. Bg5 h6 6. Bh4 dxc4 7. e3 a6 8. a4 c5 9. Bxc4 cxd4 10. exd4 Be7 11. 0-0 0-0 12. Rc1 Nd5 13. Bxe7 Nxe7 14. Qd3 Nf6 15. Rfd1 b6 16. Ne5 Bb7 17. Ba2 Qd6 18. Bb1 Rfd8 19. f3 Nf5 20. Ne2 Rac8 21. Rxc8 Rxc8 22. Ba2 Nd5 23. Nc4 Qe7 24. Qb3 Qg5 25. Re1 Rxc4 0-1

[Event "Titled Tuesday intern op 02nd Apr Late"]
[Site "Chess.com INT"]
[Date "2024.04.02"]
[Round "3"]
[White "Shubenkova, Veronika"]
[Black "Pichot, Alan"]
[Result "0-1"]
[WhiteElo "2113"]
[BlackElo "2644"]
[PlyCount "68"]
[EventDate "2024.04.02"]
[EventType "swiss (blitz)"]
[EventRounds "11"]
[EventCountry "USA"]
[SourceTitle "CB15_2024"]
[SourceDate "2024.04.10"]
[SourceVersion "1"]
[SourceVersionDate "2024.04.10"]
[SourceQuality "1"]

1. c4 Nf6 2. Nc3 e5 3. d3 Nc6 4. e4 Bb4 5. Bd2 d6 6. Nd5 Bc5 7. Be2 h6 8. h3 a5 9. Nf3 0-0 10. 0-0 Nh7 11. Be3 f5 12. exf5 Bxf5 13. d4 exd4 14. Nxd4 Bxd4 15. Bxd4 Qd7 16. Bc3 Ng5 17. Ne3 Be6 18. Bg4 Rae8 19. Bxe6+ Nxe6 20. Qd5 Qf7 21. Ng4 h5 22. Ne3 Nf4 23. Qg5 Re6 24. Nd5 Nxh3+ 25. gxh3 Rg6 26. f4 Rxg5+ 27. fxg5 Qe6 28. Rxf8+ Kxf8 29. Rf1+ Kg8 30. Rf3 Ne5 31. Rg3 c6 32. Nf4 Qxc4 33. Nxh5 Qe2 34. Nf4 Nf3+ 0-1

[Event "Titled Tuesday intern op 12th Mar Early"]
[Site "Chess.com INT"]
[Date "2024.03.12"]
[Round "11"]
[White "Pichot, Alan"]
[Black "Pranav, V."]
[Result "0-1"]
[WhiteElo "2644"]
[BlackElo "2604"]
[PlyCount "80"]
[EventDate "2024.03.12"]
[EventType "swiss (blitz)"]
[EventRounds "11"]
[EventCountry "USA"]
[SourceTitle "CB12_2024"]
[SourceDate "2023.10.01"]
[SourceVersion "1"]
[SourceVersionDate "2023.10.01"]
[SourceQuality "1"]

1. e4 e5 2. Nf3 Nc6 3. Bc4 Nf6 4. d3 h6 5. 0-0 d6 6. a4 g6 7. c3 Bg7 8. Re1 0-0 9. Nbd2 Be6 10. b4 Re8 11. Qb3 a6 12. h3 Bf8 13. Nf1 d5 14. exd5 Bxd5 15. Ne3 Bxc4 16. Qxc4 Qd7 17. Bb2 Rad8 18. Rad1 Bg7 19. b5 axb5 20. axb5 Na5 21. Qb4 b6 22. c4 Nh5 23. Nd5 f6 24. Re4 Nb7 25. g4 f5 26. Nxe5 Qd6 27. Qxd6 cxd6 28. Re2 Nf6 29. Nxg6 Nxd5 30. Rxe8+ Rxe8 31. Bxg7 Kxg7 32. gxf5 Nf6 33. Ra1 Na5 34. Nf4 Re5 35. Ne6+ Kf7 36. Nd4 Nh5 37. Rxa5 bxa5 38. b6 a4 39. Ne6 Re1+ 40. Kg2 Rb1 0-1

[Event "Titled Tuesday intern op 12th Mar Early"]
[Site "Chess.com INT"]
[Date "2024.03.12"]
[Round "2"]
[White "Pichot, Alan"]
[Black "Rozman, Levy"]
[Result "0-1"]
[WhiteElo "2644"]
[BlackElo "2322"]
[PlyCount "88"]
[EventDate "2024.03.12"]
[EventType "swiss (blitz)"]
[EventRounds "11"]
[EventCountry "USA"]
[SourceTitle "CB12_2024"]
[SourceDate "2023.10.01"]
[SourceVersion "1"]
[SourceVersionDate "2023.10.01"]
[SourceQuality "1"]

1. e4 d5 2. exd5 Qxd5 3. h3 g6 4. Nf3 Bg7 5. d4 Nc6 6. Be3 Nh6 7. Nbd2 Nf5 8. Bc4 Nxe3 9. fxe3 Qd6 10. 0-0 0-0 11. Ne4 Qb4 12. Bb3 e5 13. c3 Qb6 14. Nfg5 Nd8 15. Kh1 h6 16. Nf3 exd4 17. exd4 Bf5 18. Nc5 Qd6 19. Nh4 Bc8 20. Qd3 Kh7 21. Rae1 f5 22. Nf3 b6 23. Na4 Nc6 24. Bc2 a5 25. Qd2 Ba6 26. Rg1 Rae8 27. b3 Bb7 28. Nb2 Qg3 29. Nd3 Ne7 30. Qf4 Qxf4 31. Nxf4 Nd5 32. Nxd5 Bxd5 33. Bd3 c5 34. dxc5 bxc5 35. c4 Be4 36. Rd1 Bxf3 37. gxf3 Bd4 38. Rg2 Re3 39. Be2 Rfe8 40. Bf1 Kg7 41. Rf2 Kf6 42. Rg2 Rxf3 43. Be2 Rxh3+ 44. Rh2 Rxh2+ 0-1

[Event "Titled Tuesday intern op 12th Mar Early"]
[Site "Chess.com INT"]
[Date "2024.03.12"]
[Round "6"]
[White "Pichot, Alan"]
[Black "Yanchenko, Roman"]
[Result "1-0"]
[WhiteElo "2644"]
[BlackElo "2466"]
[PlyCount "131"]
[EventDate "2024.03.12"]
[EventType "swiss (blitz)"]
[EventRounds "11"]
[EventCountry "USA"]
[SourceTitle "CB12_2024"]
[SourceDate "2023.10.01"]
[SourceVersion "1"]
[SourceVersionDate "2023.10.01"]
[SourceQuality "1"]

1. e4 e6 2. d4 d5 3. Nc3 Bb4 4. Nge2 Ne7 5. e5 b6 6. a3 Bxc3+ 7. Nxc3 Ba6 8. Bxa6 Nxa6 9. Bg5 h6 10. Bxe7 Qxe7 11. Qg4 0-0 12. 0-0 c5 13. Ne2 cxd4 14. Nxd4 Nc5 15. f4 f5 16. Qg6 Qf7 17. Qxf7+ Kxf7 18. Kf2 Rac8 19. Ke3 a6 20. c3 Ke7 21. h4 Ne4 22. a4 Rc4 23. Ra3 Rfc8 24. Rb3 Rb8 25. Ra1 Kd7 26. Rg1 h5 27. Ra3 Nc5 28. Rga1 Rh8 29. Kf3 Rh6 30. g3 Rg6 31. Rc1 Rxa4 32. Rxa4 Nxa4 33. Ra1 Nc5 34. b4 Ne4 35. Ne2 Kc6 36. Nd4+ Kb7 37. Ne2 Nd2+ 38. Ke3 Nc4+ 39. Kd3 Rg4 40. Rg1 Na3 41. Nd4 Rg6 42. Nf3 Nb5 43. Ng5 Nc7 44. c4 dxc4+ 45. Kxc4 Kc6 46. Rd1 Nd5 47. Rc1 Kd7 48. Kb3 Rh6 49. Ra1 Nc7 50. Rd1+ Ke7 51. Rd6 b5 52. Rc6 Kd7 53. Rd6+ Ke7 54. Rb6 Kd7 55. Rb8 Nd5 56. Rg8 Rg6 57. Ra8 Ne3 58. Ra7+ Kc8 59. Rxa6 Nf1 60. Nxe6 Nxg3 61. Ra8+ Kb7 62. Re8 Ne4 63. Ng5 Rc6 64. Re7+ Kc8 65. Nxe4 Rc3+ 66. Nxc3 1-0

[Event "Titled Tuesday intern op 27th Feb Late"]
[Site "Chess.com INT"]
[Date "2024.02.27"]
[Round "10"]
[White "Pichot, Alan"]
[Black "Martinez Alcantara, Jose Eduardo"]
[Result "1/2-1/2"]
[WhiteElo "2644"]
[BlackElo "2610"]
[PlyCount "188"]
[EventDate "2024.02.27"]
[EventType "swiss (blitz)"]
[EventRounds "11"]
[EventCountry "USA"]
[SourceTitle "CB10_2024"]
[SourceDate "2024.03.06"]
[SourceVersion "1"]
[SourceVersionDate "2024.03.06"]
[SourceQuality "1"]

1. e4 c5 2. Nf3 d6 3. d4 cxd4 4. Nxd4 a6 5. Nc3 e6 6. Bd3 Nf6 7. 0-0 Be7 8. Kh1 Nc6 9. Nxc6 bxc6 10. f4 e5 11. Qf3 0-0 12. b3 Nd7 13. Na4 exf4 14. Bxf4 Ne5 15. Bxe5 dxe5 16. Bc4 Kh8 17. Rad1 Qc7 18. Qg3 f5 19. exf5 Bxf5 20. Bd3 Be6 21. Qe3 a5 22. Nc5 Bd5 23. c4 Bg8 24. Ne4 Rad8 25. Be2 Rxf1+ 26. Rxf1 a4 27. h3 axb3 28. axb3 Rb8 29. Rf3 Qa5 30. Qc3 Bb4 31. Qe3 Rd8 32. Rg3 Be7 33. Kh2 Qa1 34. Qf3 Qc1 35. Qg4 Qh6 36. Rd3 Rf8 37. Rf3 Rd8 38. Rd3 Rxd3 39. Bxd3 Qe3 40. Qf3 Qd4 41. Ng3 Bg5 42. Ne2 Qb2 43. Be4 c5 44. g3 Qd2 45. h4 Be3 46. Kg2 Bd4 47. Qd3 Qe1 48. Nxd4 exd4 49. Qf3 Qd2+ 50. Kh3 Qe1 51. Bd5 Qe8 52. Bxg8 Qxg8 53. Qc6 Qd8 54. Qf3 Kg8 55. Qd3 Qa8 56. Kh2 Qa2+ 57. Kh3 Qf2 58. Qe4 Qf1+ 59. Kh2 Qf2+ 60. Kh3 Qf8 61. Qd5+ Kh8 62. Qe4 h6 63. Kg2 Kg8 64. b4 cxb4 65. Qxd4 b3 66. c5 Qa8+ 67. Kh2 Qa2+ 68. Kh3 b2 69. Qd8+ Kh7 70. Qd3+ Kg8 71. Qd8+ Kf7 72. Qd7+ Kf6 73. Qd4+ Ke7 74. Qd6+ Ke8 75. Qc6+ Kf7 76. Qd7+ Kg6 77. Qd3+ Kf6 78. Qd8+ Ke5 79. Qd6+ Ke4 80. Qg6+ Ke3 81. Qe8+ Kd2 82. Qd7+ Kc1 83. c6 b1Q 84. c7 Qbc2 85. c8Q Qxc8 86. Qxc8+ Kd2 87. Qd7+ Ke3 88. Qxg7 Qe6+ 89. Qg4 Qf6 90. Qc4 Qf5+ 91. Kh2 Qf2+ 92. Kh3 Qf5+ 93. Kg2 Qf2+ 94. Kh3 Qf5+ 1/2-1/2